Falāt-i qārrah. (Record no. 49985)

MARC details
000 -LEADER
fixed length control field 00543cam a22002171 4500
001 - CONTROL NUMBER
control field ne 68000297
003 - CONTROL NUMBER IDENTIFIER
control field DLC
005 - DATE AND TIME OF LATEST TRANSACTION
control field 20260227111837.0
008 - FIXED-LENGTH DATA ELEMENTS--GENERAL INFORMATION
fixed length control field 890321q1966 xx ab 000 0 ara
010 ## - LIBRARY OF CONGRESS CONTROL NUMBER
LC control number ne 68000297
035 ## - SYSTEM CONTROL NUMBER
System control number (OCoLC)23483850
040 ## - CATALOGING SOURCE
Original cataloging agency DLC
Transcribing agency MiU
Modifying agency DLC
042 ## - AUTHENTICATION CODE
Authentication code premarc
050 00 - LIBRARY OF CONGRESS CALL NUMBER
Classification number JX4143
Item number .J3
100 2# - MAIN ENTRY--PERSONAL NAME
Personal name Jahān-namā, Ibrāhīm,
Dates associated with a name 1935-
245 10 - TITLE STATEMENT
Title Falāt-i qārrah.
260 ## - PUBLICATION, DISTRIBUTION, ETC.
Date of publication, distribution, etc. [1966 or 7] 1345
300 ## - PHYSICAL DESCRIPTION
Extent 280 p.
Other physical details illus., maps.
Dimensions 24 cm.
500 ## - GENERAL NOTE
General note Romanized.
650 #0 - SUBJECT ADDED ENTRY--TOPICAL TERM
Topical term or geographic name entry element Continental shelf

No items available.

Powered by Koha